Marketing and Branding Research

Guardado en:
Detalles Bibliográficos
Formato: Seriadas
Lenguaje:inglés
Publicado: Vancouver Canadian Institute For Knowledge Development
Etiquetas: Agregar Etiqueta
Sin Etiquetas, Sea el primero en etiquetar este registro!

MARC

LEADER 00000nls a2200000 4500
001 0262584
005 20240417073940.4
022 |a 2476-3160 
041 0 |a eng 
044 |a CA 
245 1 0 |a Marketing and Branding Research 
264 1 |a Vancouver  |b Canadian Institute For Knowledge Development